000 00430nam a2200145Ia 4500
008 230917s9999||||xx |||||||||||||| ||und||
040 _e5014345
_aMAIN
041 _aEnglish
082 _a373.011 L517S
100 _aLeena
245 0 _aStudy of academic achievement of senior secondary school students in relation to self-efficacy, school competence and concept attainment
260 _c2022
300 _a150 p.
942 _cBK
999 _c10555
_d10555